Tipos de generalización en la enseñanza

Saved in:
Bibliografiske detaljer
Hovedforfatter: Davydov, V. V (Author)
Format: Bog
Sprog:spansk
Udgivet: La Habana Pueblo y Educación 1978
Udgivelse:1a. ed
Fag:
Tags: Tilføj Tag
Ingen Tags, Vær først til at tagge denne postø!

MARC

LEADER 00000nam a2200000 a 4500
001 UCG2413
003 CL-VaPUC
008 100708e19780000CU |||||||||||||||||spa|d
082 0 4 |a 370.1  |b DAV  |2 21 
100 0 |a Davydov, V. V  |e author  |9 550924 
245 1 0 |a Tipos de generalización en la enseñanza 
250 |a 1a. ed 
300 |a 487 p 
942 |c BK 
945 |d 20100708 00:00:00  |a dcastane 
260 |a La Habana  |b Pueblo y Educación  |c 1978 
650 0 |a Pedagogía  |9 255351 
650 0 |a Filosofía de la educación   |9 258384 
650 0 |a Planes de estudio  |9 309935 
651 7 |a CUBA  |2 CL-VaPUC  |9 255263 
583 |a last modification  |c 20100708 00:00:00  |k Rodrigo Vera 
999 |c 341628  |d 341626 
952 |0 0  |1 0  |4 0  |6 370_100000000000000_DAV_1978  |7 0  |8 P  |9 437259  |a BIBEDU  |b BIBEDU  |c BIBEDU_PB  |d 2019-11-22  |i 4693426  |o 370.1 DAV 1978  |p 4693426  |r 2024-01-25  |w 2019-11-22  |y BK  |k EBA